Szczegóły MARC21

Internet : informacja przestrzenna = spatial information /

003 -Nazwa inst., której nr kontr. jest w polu 001 [,]
    • @
    • Nazwa instytucji, której n kontrolny jest w polu 001
    • NUKAT
005 -DATA I CZAS OSTATNIEJ MODYFIKACJI [,]
    • @
    • pole kontrolne
    • 20241231091751.0
020 -Międzynarod. znormalizowany nr książki - ISBN [ , ]
    • a
    • Numer ISBN
    • 9788381581578 Find
020 -Międzynarod. znormalizowany nr książki - ISBN [ , ]
    • a
    • Numer ISBN
    • 9788381581585 Find
    • q
    • Dopowiedzenie
    • e-book
040 -Instytucja sporządzająca opis [ , ]
    • a
    • Instytucja, która sporządziła opis (NP)
    • WA 510/ADD
    • b
    • Język katalogowania
    • pol
    • e
    • Zasady katalogowania
    • rda
    • c
    • Instytucja, która sporządziła rekord (NP)
    • WA 510/ADD
    • d
    • Instytucja, która zmodyfikowała rekord (P)
    • WA 510/ADD
    • d
    • Instytucja, która zmodyfikowała rekord (P)
    • WR U/PAdml
    • d
    • Instytucja, która zmodyfikowała rekord (P)
    • GD U/Doros
    • d
    • Instytucja, która zmodyfikowała rekord (P)
    • WR U/mgs
    • d
    • Instytucja, która zmodyfikowała rekord (P)
    • WA 14/MBs
041 -Język dokumentu [0, ]
    • a
    • Język tekstu (P)
    • polski
    • b
    • Język streszczeń lub abstraktu (P)
    • angielski
942 -Rodzaj dokumentu [ , ]
    • c
    • Rodzaj dokumentu
    • Książka
245 -Strefa tytułu i oznaczenia odpowiedzialności [0,0]
    • a
    • Tytuł
    • Internet : Find
    • b
    • Ciąg dalszy tytułu (NP)
    • informacja przestrzenna = spatial information / Find
    • c
    • Pozostałe elementy strefy tytułu i oznaczenia odpowiedzialności (NP)
    • redakcja: Grażyna Szpor, Kamil Czaplicki ; autorzy: Mateusz Badowski, Maciej Białek, Agnieszka Bieda, Kamil Czaplicki, Magdalena Durzyńska, Piotr Gibas, Kinga Flaga-Gieruszyńska, Agnieszka Gryszczyńska, Maciej Kiedrowicz, Agata Kosieradzka-Federczyk, Sylwia Kotecka-Kral, Krzysztof Mączewski, Aleksandra Monarcha-Matlak, Elżbieta Niezgódka, Małgorzata Olszewska, Piotr Pieńkosz, Krzysztof Świtała, Grażyna Szpor.
260 -Strefa adresu wydawniczego [ , ]
    • a
    • Miejsce wydania (P)
    • Warszawa :
    • b
    • Nazwa wydawcy (P)
    • Wydawnictwo C. H. Beck,
    • c
    • Data wydania (P)
    • 2018.
300 -Strefa opisu fizycznego [ , ]
    • a
    • Określenie formy książki i/lub objętość (NP)
    • XXXV, [1], 229 stron :
    • b
    • Oznaczenie ilustracji (NP)
    • ilustracje kolorowe ;
    • c
    • Format (NP)
    • 24 cm.
336 -Typ zawartości [ , ]
    • a
    • Termin opisujący typ zawartości
    • Tekst
    • b
    • Kod określający zawartość
    • txt
    • 2
    • Źródło (terminu i kodu)
    • rdacontent
337 -Typ mediów [ , ]
    • a
    • Tryb odtwarzania
    • Bez urządzenia pośredniczącego
    • b
    • Kod typu mediów
    • n
    • 2
    • Źródło (terminu i kodu)
    • rdamedia
338 -Typ/rodzaj nośnika [ , ]
    • a
    • Hasło opisujące typ nośnika
    • Wolumin
    • b
    • Kod typu nośnika
    • nc
    • 2
    • Źródło (terminu i kodu)
    • rdacarrier
380 -Deskryptor - Forma dzieła (P) [ , ]
    • a
    • forma dzieła (NP)
    • Książki
380 -Deskryptor - Forma dzieła (P) [ , ]
    • a
    • forma dzieła (NP)
    • Publikacje naukowe
388 -Deskryptor - czas powstania dzieła (P) [1, ]
    • a
    • Czas powstania dzieła (NP)
    • 2001-
504 -Uwaga dot. bibliogr. załącznikowej [ , ]
    • a
    • Uwaga dot. bibliografii załącznikowej
    • Bibliografia na stronach XXV-XXXV. Indeks.
530 -Uwaga dot. innej postaci fizycznej dokumentu [ , ]
    • a
    • Uwaga dot. innej postaci fizycznej dokumentu
    • Dostępne również w formie elektronicznej.
546 -Uwaga dot. języka [ , ]
    • a
    • Uwaga dot. języka
    • Streszczenia artykułów w języku angielskim.
546 -Uwaga dot. języka [ , ]
    • a
    • Uwaga dot. języka
    • Spis treści również w języku angielskim.
650 -Hasło przedmiotowe [ ,7]
    • a
    • Hasło przedmiotowe
    • Internet.
    • 2
    • Źródło terminu
    • kaba
    • 9
    • KHW
    • 112245
650 -Hasło przedmiotowe [ ,7]
    • a
    • Hasło przedmiotowe
    • Systemy Informacji Geograficznej
    • x
    • Określnik rzeczowy
    • prawo.
    • 2
    • Źródło terminu
    • kaba
    • 9
    • KHW
    • 481808
650 -Hasło przedmiotowe [ ,7]
    • a
    • Hasło przedmiotowe
    • Systemy Informacji Geograficznej
    • x
    • Określnik rzeczowy
    • wykorzystanie.
    • 2
    • Źródło terminu
    • kaba
    • 9
    • KHW
    • 481809
650 -Hasło przedmiotowe [ ,7]
    • a
    • Hasło przedmiotowe
    • Dane geoprzestrzenne
    • x
    • Określnik rzeczowy
    • prawo.
    • 2
    • Źródło terminu
    • kaba
    • 9
    • KHW
    • 481810
650 -Hasło przedmiotowe [ ,7]
    • a
    • Hasło przedmiotowe
    • Administracja publiczna
    • 2
    • Źródło terminu
    • DBN
    • 9
    • KHW
    • 726536
650 -Hasło przedmiotowe [ ,7]
    • a
    • Hasło przedmiotowe
    • Cyberbezpieczeństwo
    • 2
    • Źródło terminu
    • DBN
    • 9
    • KHW
    • 727893
650 -Hasło przedmiotowe [ ,7]
    • a
    • Hasło przedmiotowe
    • Geoinformacja
    • 2
    • Źródło terminu
    • DBN
    • 9
    • KHW
    • 739157
650 -Hasło przedmiotowe [ ,7]
    • a
    • Hasło przedmiotowe
    • Infrastruktura informacji przestrzennej (IIP)
    • 2
    • Źródło terminu
    • DBN
650 -Hasło przedmiotowe [ ,7]
    • a
    • Hasło przedmiotowe
    • Internet
    • 2
    • Źródło terminu
    • DBN
    • 9
    • KHW
    • 723307
650 -Hasło przedmiotowe [ ,7]
    • a
    • Hasło przedmiotowe
    • Sądownictwo
    • 2
    • Źródło terminu
    • DBN
    • 9
    • KHW
    • 728106
655 -Hasło w funkcji tematu formalnego [ ,7]
    • a
    • Hasło
    • Praca zbiorowa
    • 2
    • Źródło terminu
    • DBN
    • 9
    • KHW
    • 721444
658 -Ujęcie treści [ , ]
    • a
    • dziedzina nauki i sztuki/ sfera aktywności życiowej
    • Geografia i nauki o Ziemi
658 -Ujęcie treści [ , ]
    • a
    • dziedzina nauki i sztuki/ sfera aktywności życiowej
    • Informatyka i technologie informacyjne
658 -Ujęcie treści [ , ]
    • a
    • dziedzina nauki i sztuki/ sfera aktywności życiowej
    • Polityka, politologia, administracja publiczna
658 -Ujęcie treści [ , ]
    • a
    • dziedzina nauki i sztuki/ sfera aktywności życiowej
    • Prawo i wymiar sprawiedliwości
700 -Hasło dodatkowe - nazwa osobowa [1, ]
    • a
    • Nazwa osobowa (NP)
    • Szpor, Grażyna. Find
    • e
    • Określenie rodzaju współpracy
    • Redakcja
    • e
    • Określenie rodzaju współpracy
    • Autor
    • 9
    • KHW
    • 586
700 -Hasło dodatkowe - nazwa osobowa [1, ]
    • a
    • Nazwa osobowa (NP)
    • Czaplicki, Kamil. Find
    • e
    • Określenie rodzaju współpracy
    • Redakcja
    • e
    • Określenie rodzaju współpracy
    • Autor
    • 9
    • KHW
    • 444105
700 -Hasło dodatkowe - nazwa osobowa [1, ]
    • a
    • Nazwa osobowa (NP)
    • Badowski, Mateusz. Find
    • e
    • Określenie rodzaju współpracy
    • Autor
    • 9
    • KHW
    • 444103
700 -Hasło dodatkowe - nazwa osobowa [1, ]
    • a
    • Nazwa osobowa (NP)
    • Białek, Maciej Find
    • c
    • Dopowiedzenie inne niż daty biograficzne (NP)
    • (prawo).
    • e
    • Określenie rodzaju współpracy
    • Autor
    • 9
    • KHW
    • 481728
700 -Hasło dodatkowe - nazwa osobowa [1, ]
    • a
    • Nazwa osobowa (NP)
    • Bieda, Agnieszka. Find
    • e
    • Określenie rodzaju współpracy
    • Autor
    • 9
    • KHW
    • 481725
700 -Hasło dodatkowe - nazwa osobowa [1, ]
    • a
    • Nazwa osobowa (NP)
    • Durzyńska, Magdalena. Find
    • e
    • Określenie rodzaju współpracy
    • Autor
    • 9
    • KHW
    • 25615
700 -Hasło dodatkowe - nazwa osobowa [1, ]
    • a
    • Nazwa osobowa (NP)
    • Gibas, Piotr Find
    • c
    • Dopowiedzenie inne niż daty biograficzne (NP)
    • (gospodarka przestrzenna).
    • e
    • Określenie rodzaju współpracy
    • Autor
    • 9
    • KHW
    • 481724
700 -Hasło dodatkowe - nazwa osobowa [1, ]
    • a
    • Nazwa osobowa (NP)
    • Flaga-Gieruszyńska, Kinga Find
    • d
    • Daty biograficzne (NP)
    • (1973- ).
    • e
    • Określenie rodzaju współpracy
    • Autor
    • 9
    • KHW
    • 10531
700 -Hasło dodatkowe - nazwa osobowa [1, ]
    • a
    • Nazwa osobowa (NP)
    • Gryszczyńska, Agnieszka. Find
    • e
    • Określenie rodzaju współpracy
    • Autor
    • 9
    • KHW
    • 623545
700 -Hasło dodatkowe - nazwa osobowa [1, ]
    • a
    • Nazwa osobowa (NP)
    • Kiedrowicz, Maciej. Find
    • e
    • Określenie rodzaju współpracy
    • Autor
    • 9
    • KHW
    • 481723
700 -Hasło dodatkowe - nazwa osobowa [1, ]
    • a
    • Nazwa osobowa (NP)
    • Kosieradzka-Federczyk, Agata. Find
    • e
    • Określenie rodzaju współpracy
    • Autor
    • 9
    • KHW
    • 91060
700 -Hasło dodatkowe - nazwa osobowa [1, ]
    • a
    • Nazwa osobowa (NP)
    • Kotecka-Kral, Sylwia Find
    • d
    • Daty biograficzne (NP)
    • (1981- ).
    • e
    • Określenie rodzaju współpracy
    • Autor
    • 9
    • KHW
    • 54286
700 -Hasło dodatkowe - nazwa osobowa [1, ]
    • a
    • Nazwa osobowa (NP)
    • Mączewski, Krzysztof Wojciech. Find
    • e
    • Określenie rodzaju współpracy
    • Autor
    • 9
    • KHW
    • 444367
700 -Hasło dodatkowe - nazwa osobowa [1, ]
    • a
    • Nazwa osobowa (NP)
    • Monarcha-Matlak, Aleksandra. Find
    • e
    • Określenie rodzaju współpracy
    • Autor
    • 9
    • KHW
    • 399660
700 -Hasło dodatkowe - nazwa osobowa [1, ]
    • a
    • Nazwa osobowa (NP)
    • Niezgódka, Elżbieta. Find
    • e
    • Określenie rodzaju współpracy
    • Autor
    • 9
    • KHW
    • 481726
700 -Hasło dodatkowe - nazwa osobowa [1, ]
    • a
    • Nazwa osobowa (NP)
    • Olszewska, Małgorzata Find
    • c
    • Dopowiedzenie inne niż daty biograficzne (NP)
    • (prawo).
    • e
    • Określenie rodzaju współpracy
    • Autor
    • 9
    • KHW
    • 481727
700 -Hasło dodatkowe - nazwa osobowa [1, ]
    • a
    • Nazwa osobowa (NP)
    • Pieńkosz, Piotr. Find
    • e
    • Określenie rodzaju współpracy
    • Autor
    • 9
    • KHW
    • 421494
700 -Hasło dodatkowe - nazwa osobowa [1, ]
    • a
    • Nazwa osobowa (NP)
    • Świtała, Krzysztof Find
    • c
    • Dopowiedzenie inne niż daty biograficzne (NP)
    • (prawo).
    • e
    • Określenie rodzaju współpracy
    • Autor
    • 9
    • KHW
    • 444372
710 -Hasło dodatkowe - nazwa ciała zbiorowego [2, ]
    • a
    • Nazwa ciała zbiorowego lub nazwa geograficzna jako pierwszy element (NP)
    • Wydawnictwo C.H. Beck.
    • e
    • Rodzaj współpracy
    • Wydawca
    • 4
    • Kod relacji
    • pbl
    • 9
    • KHW
    • 52679
856 -Dostęp do wersji elektronicznej [4,1]
    • z
    • Uwaga
    • Dostęp dla autoryzowanego użytkownika
920 -ISBN [ , ]
    • a
    • ISBN
    • 978-83-815-8157-8 Find
920 -ISBN [ , ]
    • a
    • ISBN
    • 978-83-815-8158-5 Find
    • q
    • Dopowiedzenie
    • e-book
Numer inwentarzowy Data inwentaryzacji Status udost. Lokalizacja Sygnatura
SA.246562019-02-081BSASA.24656